<?xml version="1.0" encoding="UTF-8"?>
<record
    xmlns:xsi="http://www.w3.org/2001/XMLSchema-instance"
    xsi:schemaLocation="http://www.loc.gov/MARC21/slim http://www.loc.gov/standards/marcxml/schema/MARC21slim.xsd"
    xmlns="http://www.loc.gov/MARC21/slim">

  <leader>01359nam a2200337 i 4500</leader>
  <controlfield tag="001">190603</controlfield>
  <controlfield tag="003">ES-MaACL</controlfield>
  <controlfield tag="005">20250927121059.0</controlfield>
  <controlfield tag="008">220112s2019    sp a          001 0dspa d</controlfield>
  <datafield tag="020" ind1=" " ind2=" ">
    <subfield code="a">978-84-120589-4-9</subfield>
  </datafield>
  <datafield tag="080" ind1=" " ind2=" ">
    <subfield code="a">75 Venanti, Franco</subfield>
  </datafield>
  <datafield tag="100" ind1="1" ind2=" ">
    <subfield code="a">Gal&#xE1;n, Ilia,</subfield>
    <subfield code="d">1966-</subfield>
    <subfield code="9">234259</subfield>
  </datafield>
  <datafield tag="245" ind1="1" ind2="3">
    <subfield code="a">La pintura perenne en Italia : </subfield>
    <subfield code="b">(Franco Venanti, el pintor de Umbr&#xED;a) / </subfield>
    <subfield code="c">Ilia Gal&#xE1;n ; m&#xFA;sica de Josu&#xE9; Bonn&#xED;n de G&#xF3;ngora.</subfield>
  </datafield>
  <datafield tag="246" ind1="3" ind2=" ">
    <subfield code="a">Suite Venanti</subfield>
  </datafield>
  <datafield tag="250" ind1=" " ind2=" ">
    <subfield code="a">1&#xAA; ed.</subfield>
  </datafield>
  <datafield tag="260" ind1=" " ind2=" ">
    <subfield code="a">[Oviedo] : </subfield>
    <subfield code="b">Sapere Aude, </subfield>
    <subfield code="c">2019.</subfield>
  </datafield>
  <datafield tag="300" ind1=" " ind2=" ">
    <subfield code="a">270 p. : </subfield>
    <subfield code="b">il. ; </subfield>
    <subfield code="c">21 cm + </subfield>
    <subfield code="e">1 disco compacto (CD-AD)</subfield>
  </datafield>
  <datafield tag="490" ind1="1" ind2=" ">
    <subfield code="a">Ensayo social</subfield>
  </datafield>
  <datafield tag="504" ind1=" " ind2=" ">
    <subfield code="a">Bibliograf&#xED;a: p. 251-253.</subfield>
  </datafield>
  <datafield tag="505" ind1="8" ind2=" ">
    <subfield code="a">CD: Suite Venanti para piano / Josu&#xE9; Bonn&#xED;n de G&#xF3;ngora ; piano, Elena Esteban. - Ars Poetica</subfield>
  </datafield>
  <datafield tag="600" ind1="1" ind2="4">
    <subfield code="a">Venanti, Franco, </subfield>
    <subfield code="d">1930-</subfield>
    <subfield code="9">174051</subfield>
  </datafield>
  <datafield tag="700" ind1="1" ind2=" ">
    <subfield code="a">Bonn&#xED;n de G&#xF3;ngora, Josu&#xE9;.</subfield>
    <subfield code="9">147848</subfield>
  </datafield>
  <datafield tag="700" ind1="1" ind2=" ">
    <subfield code="a">Esteban Mu&#xF1;oz, Elena.</subfield>
    <subfield code="9">174052</subfield>
  </datafield>
  <datafield tag="830" ind1="1" ind2=" ">
    <subfield code="a">Ensayo social</subfield>
    <subfield code="9">225913</subfield>
  </datafield>
  <datafield tag="852" ind1="4" ind2=" ">
    <subfield code="a">ES-MaACL</subfield>
    <subfield code="j">A-14865</subfield>
    <subfield code="9">197781</subfield>
    <subfield code="b">R.152865</subfield>
    <subfield code="c">DEPO1</subfield>
    <subfield code="d">Olim: N-7865</subfield>
    <subfield code="h">Donacion: Ilian Gal&#xE1;n </subfield>
    <subfield code="g">Dedicatoria manuscrita del autor </subfield>
  </datafield>
  <datafield tag="852" ind1="4" ind2=" ">
    <subfield code="a">ES-MaACL</subfield>
    <subfield code="j">ROT 6/2/29</subfield>
    <subfield code="c">ROT</subfield>
    <subfield code="h">Donacion: Ilian Gal&#xE1;n </subfield>
    <subfield code="9">203364</subfield>
  </datafield>
  <datafield tag="903" ind1=" " ind2=" ">
    <subfield code="9">234259</subfield>
    <subfield code="a">Gal&#xE1;n, Ilia,</subfield>
    <subfield code="d">1966-</subfield>
    <subfield code="e">dnr</subfield>
  </datafield>
  <datafield tag="942" ind1=" " ind2=" ">
    <subfield code="2">udc</subfield>
    <subfield code="c">MONOGRAFIA</subfield>
  </datafield>
  <datafield tag="999" ind1=" " ind2=" ">
    <subfield code="c">190603</subfield>
    <subfield code="d">190603</subfield>
  </datafield>
  <datafield tag="952" ind1=" " ind2=" ">
    <subfield code="0">0</subfield>
    <subfield code="1">0</subfield>
    <subfield code="2">udc</subfield>
    <subfield code="4">0</subfield>
    <subfield code="7">0</subfield>
    <subfield code="8">Librosdedicados</subfield>
    <subfield code="a">ATENEOM</subfield>
    <subfield code="b">ATENEOM</subfield>
    <subfield code="c">DEPO1</subfield>
    <subfield code="d">2022-01-12</subfield>
    <subfield code="e">DONACION</subfield>
    <subfield code="j">1</subfield>
    <subfield code="l">0</subfield>
    <subfield code="o">A-14865</subfield>
    <subfield code="p">1202820</subfield>
    <subfield code="r">2023-02-23 00:00:00</subfield>
    <subfield code="w">2023-02-23</subfield>
    <subfield code="y">MONOGRAFIA</subfield>
    <subfield code="z"> Dedicatoria aut&#xF3;grafa del autor</subfield>
  </datafield>
  <datafield tag="952" ind1=" " ind2=" ">
    <subfield code="0">0</subfield>
    <subfield code="1">0</subfield>
    <subfield code="2">udc</subfield>
    <subfield code="4">0</subfield>
    <subfield code="7">0</subfield>
    <subfield code="a">ATENEOM</subfield>
    <subfield code="b">ATENEOM</subfield>
    <subfield code="c">ROT</subfield>
    <subfield code="d">2024-06-11</subfield>
    <subfield code="e">DONACION</subfield>
    <subfield code="l">0</subfield>
    <subfield code="o">ROT 6/2/29</subfield>
    <subfield code="p">101228411</subfield>
    <subfield code="r">2024-06-11 00:00:00</subfield>
    <subfield code="w">2024-06-11</subfield>
    <subfield code="y">CDROM</subfield>
  </datafield>
</record>
